In culo oggi no /

Salvato in:
Dettagli Bibliografici
Autore principale: Černá, Jana (Autore)
Altri autori: Notturna, Peppe Mauro, Cobianchi, Alessio
Natura: Libro
Lingua:italiano
Pubblicazione: Roma : E/O, 1992
Serie:Tascabili E/O ; 24
Tags: Aggiungi Tag
Nessun Tag, puoi essere il primo ad aggiungerne!!

MARC

LEADER 00000nam a2200000 i 4500
001 IT\ICCU\RML\0029774
003 ItRI
005 20250302215027.0
008 930323s1992 it |||||| ||||| |||||c
020 |a 8876411399 
040 |b ita  |c Arcigay Rimini 
041 7 |a ita  |2 ISO-639-2 
082 |a 891.8635  |2 20 
100 1 |a Černá, Jana  |0 IT\ICCU\CFIV\057509  |4 aut 
240 1 0 |a Clarissa a jiné texty.  |9 Černá, Jana 
245 1 0 |a In culo oggi no /  |c Jana Černá ; traduzione dal ceco di Alessio Cobianchi ; in appendice testi su Jana Černá e Beatnik a Praga, di Peppe Mauro Notturna. 
260 |a Roma :  |b E/O,  |c 1992 
300 |a 110 p. ;  |c 18 cm. 
700 1 |a Notturna, Peppe Mauro  |0 IT\ICCU\CFIV\139265 
700 1 |a Cobianchi, Alessio  |0 IT\ICCU\RMLV\017571 
830 0 |a Tascabili E/O ;  |v 24  |0 IT\ICCU\CFI\0171231 
942 |2 ddc  |c BK 
952 |0 0  |1 0  |2 ddc  |4 0  |6 891_863000000000000_CER_INC  |7 1  |9 3574  |a RN  |b RN  |d 2025-03-02  |l 0  |o 891.863 CER INC  |p 10833  |r 2025-03-02 21:51:11  |w 2025-03-02  |y BK  |z Donazione di Giovanni Rimondini 
981 1 |6 z01  |a i   |b xxxe  
982 1 |6 z01  |a n 
999 |c 2777  |d 2777